| 000 | 01335cam a22003617a 4500 | ||
|---|---|---|---|
| 003 | CHAP | ||
| 005 | 20220329142423.0 | ||
| 008 | 010110d2000 mx r 00110 spa d | ||
| 010 | _a83208 | ||
| 011 | _a84180 | ||
| 035 | _a94699 | ||
| 040 | _cCHAP | ||
| 090 | _aTesis | ||
| 100 | 0 | 0 |
_aTavizón López, Pedro. _9111766 |
| 245 | 1 | 3 |
_aLa emigración de trabajadores mexicanos hacia los Estados Unidos : _bestudio del caso Chalchihuites Zacatecas _c/por Pedro Tavizón López. |
| 260 |
_aChapingo, Méx. : _bEl autor, _c2000. |
||
| 300 |
_a95h. : _bcuads. |
||
| 502 | _aTesis (Lic. en Economía Agrícola) -- UACH. División de Ciencias Económico Administrativas. | ||
| 590 |
_aALEPH _b10 _c20130110 _lUCH01 _h1440 |
||
| 590 |
_aBATCH-UPD _b10 _c20130110 _lUCH01 _h0800 |
||
| 590 |
_aBATCH-UPD _b10 _c20130410 _lUCH01 _h0439 |
||
| 590 |
_aBATCH-UPD _b10 _c20130914 _lUCH01 _h1259 |
||
| 590 |
_aCONVERSION _b10 _c20130109 _lUCH01 _h1346 |
||
| 650 | 1 | 4 |
_aEmigración e inmigración. _936517 |
| 650 | 1 | 4 |
_aTrabajadores migratorios _zMéxico. _9114481 |
| 650 | 1 | 4 |
_aZacatecas _xCondiciones económicas. _9123402 |
| 650 | 1 | 4 |
_aZacatecas _xCondiciones sociales. _9123404 |
| 901 | _aBK | ||
| 905 | _aEdna Luz | ||
| 942 | _cFOLL | ||
| 949 |
_bBC _cTES _d33724000808333 _eTS2 _fc.2 _h37750 _i94699 _si |
||
| 949 |
_bBC _cTES _d946991 _eTS1 _h37749 _i94699 _sb |
||
| 999 |
_c83208 _d83208 |
||